| 000 | 00821nam a22002057a 4500 | ||
|---|---|---|---|
| 999 |
_c19602 _d19602 |
||
| 003 | AR-CdUCM | ||
| 008 | 190518b ||||| |||| 00| 0 spa d | ||
| 040 |
_aMUNICIPALIDAD PROVINCIAL DEL CUSCO _cBIBLIOTECA MUNICIPAL DEL CUSCO |
||
| 082 |
_a910.4 / _bU26 |
||
| 100 |
_aUgarteche, Pedro _941039 |
||
| 245 |
_aEl viaje : _bRecuerdos de un diplomático peruano de Bolivia y Argentina / |
||
| 260 |
_aBuenos Aires : _bEmece. _c1971. |
||
| 300 |
_a194 páginas ; _c21 cm. |
||
| 505 | _aContenido: Viaje en automóvil por Bolivia en 1960 -- Homenaje del Perú a Murillo proto-martir de la emancipación americana -- En favor a la amistad peruana-boliviana: Aviones, puentes y caminos ... | ||
| 650 |
_aHistoria _9246 |
||
| 650 |
_aPeru _9429 |
||
| 650 |
_aBolivia _91138 |
||
| 942 |
_2ddc _cLIBROS |
||
| 945 |
_arah _d2019-05-18 |
||